000 00573nam a22001817a 4500
999 _c20219
_d20219
003 AR-CdUCM
008 190528b ||||| |||| 00| 0 spa d
040 _aMUNICIPALIDAD PROVINCIAL DEL CUSCO
_cBIBLIOTECA MUNICIPAL DEL CUSCO
041 _heng
082 _a658.15 /
_bV28
100 _aVan Horne, James C.
_942271
245 _aAdministración financiera /
260 _aBuenos Aires :
_bEds. Contabilidad Moderna,
_c1973.
300 _a939 páginas ;
_c23 cm.
700 _aRaimondi, Carlos A. (traducción)
_942272
942 _2ddc
_cLIBROS
945 _adavv
_d2019-05-28